Most Spoken Non-English Languages in Arizona - Statistics

General Stats
  • This quiz has been taken 32 times
  • The average score is 8 of 10
Answer Stats
Number of Speakers Language % Correct
500k Spanish
100%
14k Chinese
97%
3k French
97%
3k German
97%
2k Japanese
86%
7k Arabic
83%
5k Korean
76%
13k Vietnamese
72%
2k Russian
66%
21k Navajo
62%
No matching quizzes found
Score Distribution
Percent of People with Each Score
Percentile by Number Answered
Your Score History
You have not taken this quiz